Gdzie najchętniej nocowali turyści w UE w 2025r? - Statystyki

Ogólne statystyki
  • Ten quiz został rozwiązany 34 razy
  • Średni wynik to 9 z 10
Statystyki odpowiedzi
Miejsce Odpowiedź % Poprawnych
3. Francja
100%
1. Hiszpania
100%
8. Polska
97%
4. Niemcy
94%
2. Włochy
94%
7. Austria
91%
5. Grecja
91%
6. Holandia
84%
10. Portugalia
84%
9. Chorwacja
78%
Nie znaleziono quizów pasujących do podanych kryteriów
Rozkład punktacji
Procent ludzi z każdym wynikiem
Percentyl według liczby udzielonych odpowiedzi
Twoja historia wyników
Nie rozwiązałeś tego quizu